En casa 2013: Dil̀ogos Autn̤omos (Record no. 145)

MARC details
000 -LEADER
campo de control de longitud fija 00487 a2200133 4500
020 ## - NÚMERO INTERNACIONAL ESTÁNDAR DEL LIBRO
Número Internacional Estándar del Libro 9788461680948
082 ## - NÚMERO DE LA CLASIFICACIÓN DECIMAL DEWEY
Número de clasificación 708
Número de ítem C334e
110 ## - ENTRADA PRINCIPAL--NOMBRE DE ENTIDAD CORPORATIVA
Nombre de entidad corporativa o nombre de jurisdicción como elemento de entrada La Casa Encendida
9 (RLIN) 711
245 ## - MENCIÓN DEL TÍTULO
Título En casa 2013: Dil̀ogos Autn̤omos
Resto del título Autonomous Dialogues
260 ## - PUBLICACIÓN, DISTRIBUCIÓN, ETC.
Lugar de publicación, distribución, etc. Espaą
Nombre del editor, distribuidor, etc. La Casa Encendida, Caja Madrid Fundacin̤
Fecha de publicación, distribución, etc. 2013
300 ## - DESCRIPCIÓN FÍSICA
Extensión 221 p
Otras características físicas ill. (col.)
Dimensiones 24 cm
650 ## - PUNTO DE ACCESO ADICIONAL DE MATERIA--TÉRMINO DE MATERIA
Término de materia o nombre geográfico como elemento de entrada Catl̀ogo
Subdivisión general Coleccin̤
-- Arte moderno
-- Instalacion de arte
-- Intervenciones espaciales
Subdivisión geográfica Espaą
9 (RLIN) 712
710 ## - ENTRADA AGREGADA--NOMBRE DE ENTIDAD CORPORATIVA
Nombre de entidad corporativa o nombre de jurisdicción como elemento de entrada La Casa Encendida
9 (RLIN) 713
Holdings
Estatus retirado Estado de pérdida Fuente del sistema de clasificación o colocación Estado de daño No para préstamo Biblioteca de origen Biblioteca actual Ubicación en estantería Fecha de adquisición Total de préstamos Signatura topográfica completa Código de barras Visto por última vez Precio de reemplazo Tipo de ítem Koha
    Clasificación Decimal Dewey     Biblioteca LadoV Biblioteca LadoV   22/05/2014   708 C334e 003976 22/05/2014 22/05/2014 Material 01
    Clasificación Decimal Dewey     Biblioteca LadoV Biblioteca LadoV   02/12/2017   708 C334e 003992 02/12/2017 02/12/2017 Material 01